කරසුවඳ / බෝගන බෝකන්ද

Saved in:
Bibliographic Details
Main Author: බෝකන්ද, බෝගන
Format: Book
Language:English
Sinhalese
Published: 2011.
Subjects:
Tags: Add Tag
No Tags, Be the first to tag this record!

MARC

LEADER 00000nam a22000007a 4500
003 LK-ApPL
005 20221212122615.0
008 221212b |||||||| |||| 00| 0 eng d
020 |a 9789550224036 
040 |a LK-ApPL  |b sin  |d LK-ApPL 
041 |a sin 
082 |2 23  |a 891.481  |b බෝකන් 
100 |a බෝකන්ද, බෝගන 
245 |a කරසුවඳ /  |b බෝගන බෝකන්ද 
260 |c 2011. 
300 |a පි. 80 :  |c සෙ.මි.21 
650 0 |a නවකතා  
942 |c REF 
999 |c 19496  |d 19496